000 00599nam a2200229Ia 4500
003 OSt
005 20220924114247.0
006 a|||||r|||| 00| 0
007 ta
008 220923b |||||||| |||| 00| 0 pan d
024 _a54130
037 _cTextual
040 _aARTS
_cARTS
_bpan
041 _2pan
_apan
082 _aQ8441:gx, 153K2
100 _aTaran Singh
_980053
245 0 _aBhakti te shakti
260 _aAmritsar
_bBhai Fakir Singh and Sons
_c1962
650 _aRELIGION
942 _hQ8441:gx, 153K2
_cTEXL
_2CC
999 _c392734
_d392734